Temná historie králů a královen Anglie : od roku 1066 po současnost /

Hlavní autor: Lewis, Brenda Ralph, 1954-
Jazyk: Čeština
Vydáno: Praha : Brána, 2011
Vydání: Vyd. 1.
Témata:
Externí odkaz: Digitalizovaný dokument
Fyzický popis: 253 s. : il. (převážně barev.), 1 mapa, portréty, faksim., geneal. tabulky ; 29 cm
Knihy
Uloženo v:
LEADER 01985cam a2200505 a 4500
001 nkc20112256309
003 CZ PrNK
005 20180809235012.0
007 ta
008 111208s2011 xr abche f 000 0 cze d
015 |a cnb002256309 
020 |a 978-80-7243-557-9  |q (váz.) 
035 |a (OCoLC)827259025 
040 |a KMG001  |b cze  |d ULG001  |d ABA001 
041 1 |a cze  |h eng 
043 |a e-uk--- 
072 7 |a 94(41)  |x Dějiny britských ostrovů  |2 Konspekt  |9 8 
072 7 |a 929  |x Biografie  |2 Konspekt  |9 8 
080 |a 929.731  |2 MRF 
080 |a 929.731-055.2  |2 MRF 
080 |a (410)  |2 MRF 
080 |a (0.062)  |2 MRF 
080 |a (084.11)  |2 MRF 
100 1 |a Lewis, Brenda Ralph,  |d 1954-  |7 mzk2005309190  |4 aut 
245 1 0 |a Temná historie králů a královen Anglie :  |b od roku 1066 po současnost /  |c Brenda Ralph Lewisová ; [přeložil Pavel Jandourek] 
250 |a Vyd. 1. 
260 |a Praha :  |b Brána,  |c 2011 
300 |a 253 s. :  |b il. (převážně barev.), 1 mapa, portréty, faksim., geneal. tabulky ;  |c 29 cm 
500 |a Přeloženo z angličtiny 
650 0 7 |a panovníci  |7 ph117250  |z Velká Británie  |2 czenas 
650 0 7 |a panovnice  |7 ph123930  |z Velká Británie  |2 czenas 
650 0 7 |a panovnické dynastie  |7 ph123932  |z Velká Británie  |2 czenas 
650 0 9 |a kings and rulers  |z Great Britain  |2 eczenas 
650 0 9 |a queens and empresses  |z Great Britain  |2 eczenas 
655 7 |a populárně-naučné publikace  |7 fd131864  |2 czenas 
655 7 |a obrazové publikace  |7 fd132947  |2 czenas 
655 9 |a popular works  |2 eczenas 
655 9 |a pictorial works  |2 eczenas 
765 0 |t Dark history of the kings and queens of England  |9 Česky 
856 4 1 |u https://www.digitalniknihovna.cz/mzk/uuid/uuid:20c36d70-7ebc-11e8-87bd-005056827e52  |y Digitalizovaný dokument  |x NDK 
910 2 |a BOA001  |b 4-1301.365 
990 |a BK 
995 |a 01 
991 |b 201303  |c NOV  |e n 
996 6 |b 2610542512  |c 4-1301.365  |l MZK  |r Sklad / do 1 hodiny  |n 8  |p p.v.  |w 001318004  |u 000010  |a 1  |e BOA001  |j MZK50  |s P